Statistics for Countries that have lost territory against Mexico

Click here to take the quiz!

General Stats

  • This quiz has been taken 38 times
  • The average score is 4 of 8

Answer Stats

Answer% Correct
Guatemala
95%
United States
92%
Spain
70%
Yucatan
41%
Baja California
30%
Rio Grande
27%
Sonora
19%
Federal Republic of Central America
16%

Score Distribution

Percentile by Number Answered

Percent of People with Each Score

Your Score History

You have not taken this quiz